La eximente de miedo insuperable en el Derecho Penal común y militar español

محفوظ في:
التفاصيل البيبلوغرافية
المؤلف الرئيسي: Higuera Guimerá, Juan-Felipe (مؤلف)
التنسيق: كتاب
اللغة:الإسبانية
منشور في: Barcelona Bosch 1991
الطبعة:1a. ed
الموضوعات:
الوسوم: إضافة وسم
لا توجد وسوم, كن أول من يضع وسما على هذه التسجيلة!

MARC

LEADER 00000cam a2200000 a 4500
001 UCC4782
003 CL-VaPUC
008 180824e19910000sp |||||||||||||||||spa|d
020 |a 8476761988 
082 0 4 |a 345.04  |b HIG  |2 21 
100 |a Higuera Guimerá, Juan-Felipe  |e author  |9 598974 
245 1 3 |a La eximente de miedo insuperable en el Derecho Penal común y militar español 
250 |a 1a. ed 
300 |a 232 p 
942 |c BK 
945 |d 20180824 13:39:00  |a dcastane 
260 |a Barcelona  |b Bosch  |c 1991 
650 7 |a DERECHO PENAL  |2 CL-VaPUC  |9 11 
650 0 |a Delitos  |9 224143 
583 |a last modification  |c 20180824 13:39:00  |k Rodrigo Vera 
999 |c 372191  |d 372189 
952 |0 0  |1 0  |3 erb  |4 0  |6 345_040000000000000_HIG_1991  |7 0  |8 A  |9 489473  |a BIBDER  |b BIBDER  |e Mateluna Arestizabal, Alfredo Sergio  |i 548961K  |l 1  |o 345.04 HIG 1991  |p 548961K  |r 2024-11-04  |s 2024-10-29  |w 2019-11-24  |y BK  |z Catalogado en:20180824  |k DER